| 000 -LEADER |
| fixed length control field |
00739nam a2200193 4500 |
| 020 ## - INTERNATIONAL STANDARD BOOK NUMBER |
| ISBN |
9781529681956 |
| 082 ## - DEWEY DECIMAL CLASSIFICATION NUMBER |
| Classification number |
338.064 |
| Item number |
W69 2024 |
| 100 ## - MAIN ENTRY--AUTHOR NAME |
| Personal name |
Wilsdon, James, author. |
| 245 ## - TITLE STATEMENT |
| Title |
Reimagining the recipe for research & innovation : the secret sauce of social science. James Wilsdon [and three others.]. |
| 260 ## - PUBLICATION, DISTRIBUTION, ETC. (IMPRINT) |
| Place of publication |
London : |
| Name of publisher |
Sage, |
| Year of publication |
©2024. |
| 300 ## - PHYSICAL DESCRIPTION |
| Number of Pages |
1 online resource, 60 pages : |
| Other physical details |
color illustrations. |
| 650 ## - SUBJECT ADDED ENTRY--TOPICAL TERM |
| Topical Term |
Research and development policy—Great Britain. |
| 650 ## - SUBJECT ADDED ENTRY--TOPICAL TERM |
| Topical Term |
Public policy—Research—Great Britain. |
| 650 ## - SUBJECT ADDED ENTRY--TOPICAL TERM |
| Topical Term |
Technology—Social aspects—Great Britain. |
| 700 ## - ADDED ENTRY--PERSONAL NAME |
| Personal name |
Weber-Boer, Kathryn, author. |
| 700 ## - ADDED ENTRY--PERSONAL NAME |
| Personal name |
Wastl, Juergen, author. |
| 700 ## - ADDED ENTRY--PERSONAL NAME |
| Personal name |
Bridges, Ed, author. |
| 942 ## - ADDED ENTRY ELEMENTS (KOHA) |
| Koha item type |
Electronic Books |